The hungry tide (Record no. 12219)

000 -LEADER
fixed length control field 00444nam a22001817a 4500
008 - FIXED-LENGTH DATA ELEMENTS--GENERAL INFORMATION
fixed length control field 220721b ||||| |||| 00| 0 eng d
020 ## - INTERNATIONAL STANDARD BOOK NUMBER
International Standard Book Number 9788172236137
082 ## - DEWEY DECIMAL CLASSIFICATION NUMBER
Classification number 823.914
Item number GHO
100 ## - MAIN ENTRY--PERSONAL NAME
Personal name Ghosh, Amitav
245 ## - TITLE STATEMENT
Title The hungry tide
250 ## - EDITION STATEMENT
Edition statement 23rd Ed.
260 ## - PUBLICATION, DISTRIBUTION, ETC. (IMPRINT)
Place of publication, distribution, etc Noida, UP
Name of publisher, distributor, etc Harper Collins
Date of publication, distribution, etc 2020
300 ## - PHYSICAL DESCRIPTION
Extent 402p.
650 ## - SUBJECT ADDED ENTRY--TOPICAL TERM
Topical term or geographic name as entry element Women scientists
650 ## - SUBJECT ADDED ENTRY--TOPICAL TERM
Topical term or geographic name as entry element Rural poor
650 ## - SUBJECT ADDED ENTRY--TOPICAL TERM
Topical term or geographic name as entry element Ecological disturbances
942 ## - ADDED ENTRY ELEMENTS (KOHA)
Item type Books
Holdings
Withdrawn status Lost status Source of classification or shelving scheme Damaged status Not for loan Collection code Permanent location Current location Shelving location Date acquired Full call number Barcode Date last seen Koha item type Public note
          Fiction IMU-MPC Library IMU-MPC Library Fiction 2022-07-21 823.914 GHO MPC6572 2022-07-21 Books Column-64
Copyright © 2021 Indian Maritime University, Mumbai Port Campus. All Rights Reserved. Managed & Maintained by Central Library, IMU-Mumbai

webs counters

Powered by Koha